000
00208 a2200097 4500
001
47655
100
_a
Hopper T
245
_a
Guide to Bees & Honey
260
_a
_b
Blandford press
_c
090
_c
30665
_d
30665
942
_a
NUST-CAE
_c
M
_c
22964
999
_c
282728
_d
282728